Yo pienso y aprendo: Tomo I. Texto de lectura y escritura para Primer Año Básico y Reeducación.

Gespeichert in:
Bibliographische Detailangaben
Hauptverfasser: Rioseco, Rosita, Ziliani, Mónica (VerfasserIn)
Format: Buch
Sprache:Spanisch
Erschienen: Santiago de Chile Editoral Andrés Bello 1985
Ausgabe:2° ed.
Katalog:MANES:  Suchergebnis im Bibliothekskatalog
Schulbuchspezifische Eigenschaften:
Tags: Tag hinzufügen
Keine Tags, Fügen Sie den ersten Tag hinzu!
Hinzugefügt zu:03.02.2020
Geändert in:25.04.2025

MARC

LEADER 00000nam a22000007a 4500
005 20250425101445.0
008 200204b ||||| |||| 00| 0 spa d
040 |a MGM 
561 |5 cl-MGM  |3 T 372.4 R586y 1985 1°B T.1  |a Chile. Museo Gabriela Mistral  |k MANES 
999 |c 87736  |d 87736 
100 |9 21665  |a Rioseco, Rosita 
245 |a Yo pienso y aprendo: Tomo I. Texto de lectura y escritura para Primer Año Básico y Reeducación. 
250 |a 2° ed. 
260 |a Santiago de Chile  |b Editoral Andrés Bello  |c 1985 
300 |a 128 p.  |c 26 x 18 cm 
546 |a Chile  
690 |a EyL 
691 |a PRI 
700 |9 21666  |a Ziliani, Mónica  |e Autor secundario 
942 |2 ddc  |c BK 
999 |c manes:87736  |d 87736